000 00816nam a2200253 4500
001 116732
003 ES-MaACL
005 20251001175246.0
007 t|
008 061121s1986 sp r ||||1| spa d
020 _a84-7490-152-9
100 1 _aOursel, Raymond.
_987979
245 1 0 _aPeregrinos, Hospitalarios y Templarios /
_ctexto de Raymond Oursel ; fotografías de Zodiaque ; traducción de Victoria Bastos, Carlos R. Lafora.
250 _a1ª. ed.
260 _aMadrid :
_bEncuentro,
_c1986.
300 _a480 p. :
_bil. ;
_c22 cm.
490 1 _aEuropa románica ;
_v10
700 0 _aZodiaque
_9118322
700 1 _aBastos, Victoria.
_926380
700 1 _aLafora, Carlos.
_969508
830 0 _aEuropa románica ;
_v10
_9178589
852 _aES-MaACL
_jL-12002
_bR.114085
999 _c116732
_d116732